<?xml version="1.0" encoding="UTF-8"?>
<marc:record xmlns:marc="http://www.loc.gov/MARC21/slim">
   <marc:leader>00000nam a2200000 a 4500</marc:leader>
   <marc:datafield ind1="0" ind2="0" tag="245">
      <marc:subfield code="a">Little Women</marc:subfield>
   </marc:datafield>
   <marc:datafield ind1=" " ind2="1" tag="264">
      <marc:subfield code="b">Sony Pictures Home Entertainment</marc:subfield>
      <marc:subfield code="c">2020</marc:subfield>
   </marc:datafield>
   <marc:datafield ind1="1" ind2=" " tag="520">
      <marc:subfield code="a">Vier junge Frauen im Amerika Mitte des 19. Jahrhunderts, die ihr Leben selbstbestimmt nach eigenen Vorstellungen gestalten wollen und dabei teils große gesellschaftliche Hindernisse überwinden: LITTLE WOMEN folgt den unterschiedlichen Lebenswegen der March-Schwestern Jo (Saoirse Ronan), Meg (Emma Watson), Amy (Florence Pugh) und Beth (Eliza Scanlen) zu einer Zeit, in der die Möglichkeiten für Frauen begrenzt waren. Erzählt aus der Perspektive von Jo March, dem Alter Ego von Autorin Louisa May Alcott, und sowohl basierend auf dem Roman wie auch auf den persönlichen Schriften Alcotts.</marc:subfield>
   </marc:datafield>
   <marc:datafield ind1="3" ind2=" " tag="024">
      <marc:subfield code="a">4030521756144</marc:subfield>
   </marc:datafield>
</marc:record>
